000 00504nam a2200169 4500
001 144806
003 ES-MaACL
005 20230906201113.0
007 t|
008 070214s1974 sp r ||||1| spa d
100 1 _aSlaughter, Frank G.
_9106773
245 1 0 _aHombres de blanco /
_cFrank G. Slaughter ; [traducción: Enrique de Juan].
260 _aBarcelona :
_bPlaneta,
_c1974 (
_fDuplex)
300 _a369 p. ;
_c20 cm.
700 1 _aJuan, Enrique de.
_967090
852 _aES-MaACL
_jE-7107
_bR.91314
999 _c144806
_d144806